000 00882nam a2200253Ia 4500
003 OSt
005 20221121124520.0
006 a|||||r|||| 00| 0
007 ta
008 220922b |||||||| |||| 00| 0 mal d
020 _a8172013353 (hbk)
024 _a235,187
037 _cTextual
040 _aARTS
_cARTS
_bmal
041 _2mal
_amal
082 _aO32,3N12,RA, 152N2
100 _aपिळळ, तकषि शिवशंकर; चतुर्वेदी, सुधांशु
_9157519
245 0 _aरस्सी
246 _aRassī
260 _aनयी दिल्ली
_b साहित्य अकादमी
_c1992
300 _a1043पृ0
_ccm.
942 _hO32,3N12,RA, 152N2
_cTEXL
_2CC
999 _c294409
_d294409